00567 2200217 4500001002100000005001500021035002500036008004100061040001300102082001200115090001900127100003200146245001600178260004200194300002300236500002600259650003100285850000900316999001200325990001200337YOGYA-0612000000020120190415034833 a0010-061200000000201 ind  aYOPD DIY a899.221 a899.221bYas M aYASADIPURA I, Raden Ngabehi aMenak lakat aBatawi sentrem :bBale Pustaka,c1979 a... Jilid ;c21 cm aYang diterima jilid.3 aKesusastraan Daerah - Jawa aBPAD a61313-a a62313-a